| 000 | 00766pam a2200253 a 4500 | ||
|---|---|---|---|
| 008 | |||
| 020 | _a0397548486 (pbk.) | ||
| 049 | _aMAIN | ||
| 090 |
_aRT41.L67 _bTIM |
||
| 100 | 1 | _aTimby, Barbara Kuhn. | |
| 245 | 1 | 0 |
_aFundamental skills and concepts in patient care / _cBarbara Kuhn Timby and LuVerne Wolff Lewis. |
| 250 | _a5th ed. | ||
| 260 |
_aPhiladelphia : _bLippinicott, _cc1992. |
||
| 300 |
_axiii, 808 p. : _bill. ; _c28 cm. |
||
| 500 | _aIncludes index. | ||
| 504 | _aIncludes bibliographical references. | ||
| 650 | 1 | 2 | _aNursing. |
| 700 | _aLewis, LuVerne Wolff | ||
| 907 |
_a.b10163372 _b31-01-14 _c16-05-05 |
||
| 003 | |||
| 005 | 20230120203853.0 | ||
| 040 | _cNUST | ||
| 942 |
_cBOOKS _kRT41.L67 _mTIM |
||
| 999 |
_c112973 _d112973 |
||